| 000 | 00000nam##2200000za#4500 |
| 001 | 9.570598 |
| 003 | CaOODSP |
| 005 | 20220623092432 |
| 007 | cr ||||||||||| |
| 008 | 150406|1995||||xxc|||||o f|0| 0 eng|d |
| 040 | |aCaOODSP|beng |
| 043 | |an-cn--- |
| 086 | 1 |aC21-23/7E-PDF |
| 110 | 1 |aCanada. |bIndustry Canada. |
| 245 | 10|aCompetition policy as a dimension of economic policy - a comparative perspective : |h[electronic resource]|boccasional paper number 7, May 1995 |
| 260 | |aOttawa - Ontario : |bIndustry Canada |cMay 1995. |
| 300 | |a101p.|breferences |
| 490 | 1 |aOccasional paper|vNo. 7 |
| 590 | |a11-09-Supp|b2011-06-30 |
| 775 | 08|tLa politique de concurrence en tant que dimension de la politique économique : une analyse comparative : |w(CaOODSP)9.601246 |
| 776 | 0#|tLa politique de concurrence en tant que dimension de la politique économique : |w(CaOODSP)9.526121 |
| 776 | 0#|tCompetition as a dimension of economic policy : |w(CaOODSP)9.526120 |
| 830 | #0|aOccasional paper (Canada. Industry Canada)|vNo. 7|w(CaOODSP)9.504752 |
| 856 | 40|ahttp://publications.gc.ca|qPDF|s315 KB|uhttps://publications.gc.ca/collections/Collection/C21-23-7E.pdf|yNo. 7 |